Toda la poesía = Tota la poesia / Bartomeu Rosselló-Pòrcel ; traducción de José Agustín Goytisolo ; proemios de Salvador Espriu ; edición al cuidado de Juan Ramón Masoliver
Descripción Física:
161 p. ; 22 cm
Colección:
Marca Hispánica
MARC
| LEADER | 00000nam a2200000Ia 4500 | ||
|---|---|---|---|
| 001 | 8976 | ||
| 008 | 160829s1987 xx 000 0 cat d | ||
| 080 | |a L-1-92 | ||
| 100 | |a Rosselló-Pòrcel, Bartomeu |9 35622 | ||
| 245 | |a Toda la poesía = Tota la poesia / Bartomeu Rosselló-Pòrcel ; traducción de José Agustín Goytisolo ; proemios de Salvador Espriu ; edición al cuidado de Juan Ramón Masoliver | ||
| 260 | |a Barcelona : |b Edicions del Mall : |b Diputació de Barcelona, |c 1987 | ||
| 300 | |a 161 p. ; |c 22 cm | ||
| 490 | |a Marca Hispánica | ||
| 590 | |a Edició bilingüe català castellà. | ||
| 590 | |a Títol original: 'Tota la poesia' | ||
| 700 | 1 | |a Goytisolo, José Agustín, |d 1928-1999 |e traductor |9 37629 | |
| 700 | 1 | |a Espriu, Salvador, |d 1913-1985 |9 24496 |e autor del pròleg | |
| 700 | |a Masoliver, Juan Ramón, ed. |9 35624 |e editor | ||
| 901 | |a Arxiu | ||
| 942 | |n 1 |2 udc | ||
| 952 | |0 0 |1 0 |4 0 |6 L192 |7 1 |9 46998 |a Arxiu |b Arxiu |d 2016-12-01 |l 0 |o L-1-92 |p 8976 |r 2016-12-01 00:00:00 |w 2016-12-01 |y ARXIU | ||
| 999 | |c 50791 |d 50791 | ||